[Event "European Youth Chess Championship B16"]
[Site "Prague, Top Hotel Prague"]
[Date "2016.08.27"]
[Round "9.19"]
[White "Haug, Johannes"]
[Black "Hakobyan, Hakob V"]
[Result "0-1"]
[WhiteElo "2305"]
[BlackElo "1792"]
[PlyCount "106"]
[EventDate "2016.08.18"]

1. e4 c6 2. d4 d5 3. e5 Bf5 4. h4 h6 5. g4 Bd7 6. Nc3 e6 7. Be3 c5 8. dxc5 a6
9. Nf3 Qc7 10. Qd4 Nc6 11. Qf4 Nge7 12. O-O-O Qa5 13. Qa4 Qxa4 14. Nxa4 Ng6 15.
Nb6 Rd8 16. c4 d4 17. Nxd4 Bxc5 18. Nc2 Bxe3+ 19. Nxe3 Ncxe5 20. Nxd7 Rxd7 21.
Bg2 Rc7 22. Kb1 Nf4 23. Be4 b6 24. Rd6 Nxc4 25. Rc6 Rxc6 26. Bxc6+ Ke7 27. Nxc4
Rc8 28. Ne5 Kd6 29. Re1 f6 30. Bb7 Rc7 31. Bxa6 fxe5 32. Rc1 Rxc1+ 33. Kxc1 Kc5
34. Kd2 Kd4 35. Bc8 g6 36. b3 Ng2 37. Bxe6 Nxh4 38. Bf7 e4 39. a4 Nf3+ 40. Ke2
Ne5 41. Be6 h5 42. gxh5 gxh5 43. Bf5 Nd3 44. Kf1 Nc5 45. Bg6 h4 46. Bf7 Kc3 47.
Kg2 Nxb3 48. Bd5 Nc5 49. Bc6 Kd2 50. Bb5 Ke1 51. f4 Ne6 52. f5 Ng5 53. f6 e3
0-1

[Event "European Youth Chess Championship B16"]
[Site "Prague, Top Hotel Prague"]
[Date "2016.08.27"]
[Round "9.20"]
[White "Lodici, Lorenzo"]
[Black "Buzas, Bertalan"]
[Result "1-0"]
[WhiteElo "2394"]
[BlackElo "2127"]
[PlyCount "47"]
[EventDate "2016.08.18"]

1. e4 Nc6 2. Nf3 d5 3. exd5 Qxd5 4. Be2 Bg4 5. O-O O-O-O 6. Nc3 Qh5 7. h3 Nf6
8. hxg4 Nxg4 9. d3 e5 10. Bg5 Nd4 11. Bh4 f5 12. Bg3 Rd6 13. Nh2 Nxe2+ 14. Qxe2
Rh6 15. Nd5 Bc5 16. Rae1 Re8 17. Ne3 Nxh2 18. Qxh5 Rxh5 19. Bxh2 Re6 20. g4 Rg6
21. Bxe5 fxg4 22. d4 Bd6 23. Bxd6 cxd6 24. Kg2 1-0

[Event "European Youth Chess Championship B16"]
[Site "Prague, Top Hotel Prague"]
[Date "2016.08.27"]
[Round "9.21"]
[White "Gokerkan, Cem Kaan"]
[Black "Tomulic, Teo"]
[Result "0-1"]
[WhiteElo "2371"]
[BlackElo "2148"]
[PlyCount "64"]
[EventDate "2016.08.18"]

1. e4 c5 2. Nf3 d6 3. d4 cxd4 4. Nxd4 Nf6 5. Nc3 a6 6. h3 e6 7. g4 d5 8. Bg2 e5
9. Nde2 d4 10. Nd5 Be6 11. Bg5 Nc6 12. f4 Qa5+ 13. Qd2 Nb4 14. Bxf6 Nxc2+ 15.
Kd1 Ne3+ 16. Nxe3 Qxd2+ 17. Kxd2 dxe3+ 18. Kxe3 Bc5+ 19. Kf3 gxf6 20. Rhc1 Bb6
21. Bf1 h5 22. f5 hxg4+ 23. Kxg4 Bd7 24. Nc3 Bc6 25. Rc2 Ke7 26. Rd1 Rag8+ 27.
Kf3 Rh4 28. Rcd2 Rf4+ 29. Ke2 Rg1 30. Nd5+ Bxd5 31. Rxd5 Rf2+ 32. Kd3 Rgxf1 0-1

[Event "European Youth Chess Championship B16"]
[Site "Prague, Top Hotel Prague"]
[Date "2016.08.27"]
[Round "9.22"]
[White "O`Sullivan, Thomas"]
[Black "Iliaguev, Nisim"]
[Result "1-0"]
[WhiteElo "2293"]
[BlackElo "2120"]
[PlyCount "63"]
[EventDate "2016.08.18"]

1. d4 Nf6 2. c4 Nc6 3. Nc3 e6 4. Nf3 Bb4 5. Bd2 Bxc3 6. Bxc3 d5 7. e3 O-O 8.
Bd3 b6 9. cxd5 exd5 10. Qc2 a5 11. Ne5 Qd6 12. O-O Ba6 13. Rfc1 Bxd3 14. Qxd3
Ne7 15. f3 Rfe8 16. b3 c5 17. a4 Rac8 18. Bb2 Qe6 19. Rc2 cxd4 20. Bxd4 Rxc2
21. Qxc2 Rc8 22. Qd3 Nf5 23. Rd1 g6 24. Bb2 Qe7 25. Rd2 Qc5 26. Kf2 Qe7 27. g4
Nd6 28. Qd4 Qe6 29. Nd7 Nfe4+ 30. fxe4 Nxe4+ 31. Ke1 f6 32. Qxd5 1-0

[Event "European Youth Chess Championship B16"]
[Site "Prague, Top Hotel Prague"]
[Date "2016.08.27"]
[Round "9.23"]
[White "Mohammad, Fahim"]
[Black "Liska, Jiri"]
[Result "0-1"]
[WhiteElo "2260"]
[BlackElo "2116"]
[PlyCount "62"]
[EventDate "2016.08.18"]

1. d4 Nf6 2. Nf3 g6 3. c4 Bg7 4. Nc3 d5 5. cxd5 Nxd5 6. e4 Nxc3 7. bxc3 c5 8.
Be3 Nc6 9. Be2 O-O 10. O-O cxd4 11. cxd4 Bg4 12. d5 Nb4 13. Nd4 Bxe2 14. Qxe2
Rc8 15. Rab1 Qa5 16. Rb2 Qa4 17. Rfb1 a5 18. Rd2 Bxd4 19. Bxd4 Nc2 20. Be5 e6
21. Bb2 Rc4 22. e5 f5 23. exf6 Re4 24. Qd3 Rc8 25. Rc1 Qc4 26. Rdxc2 Qxc2 27.
h3 Re1+ 28. Kh2 Rxc1 29. Qd4 Qc7+ 30. g3 Rc3 31. d6 Qxd6 0-1

[Event "European Youth Chess Championship B16"]
[Site "Prague, Top Hotel Prague"]
[Date "2016.08.27"]
[Round "9.24"]
[White "Akdogan, Alperen"]
[Black "Plazuelo, Pascual Juan"]
[Result "1-0"]
[WhiteElo "2152"]
[BlackElo "2256"]
[PlyCount "109"]
[EventDate "2016.08.18"]

1. d4 Nf6 2. Bg5 Ne4 3. Bf4 e6 4. e3 b6 5. Bd3 Bb7 6. f3 Nf6 7. Bg3 c5 8. Ne2
d5 9. c3 Nc6 10. O-O Bd6 11. Nd2 O-O 12. Bxd6 Qxd6 13. f4 Ne7 14. Ng3 a5 15.
Qe2 g6 16. e4 dxe4 17. Ngxe4 Nxe4 18. Nxe4 Bxe4 19. Bxe4 Rad8 20. Rad1 cxd4 21.
Rxd4 Qc5 22. Rfd1 Rxd4 23. Rxd4 Rd8 24. Qf2 Rxd4 25. Qxd4 Qxd4+ 26. cxd4 Kf8
27. Kf2 Ke8 28. Ke3 Kd7 29. Kd3 b5 30. Ke3 Kd6 31. Kd3 Nc8 32. a4 bxa4 33. Kc4
Kc7 34. Kc5 Nd6 35. Bc2 a3 36. bxa3 h6 37. a4 Nc8 38. Bb3 Nd6 39. d5 exd5 40.
Bxd5 f6 41. g4 g5 42. f5 h5 43. gxh5 Nxf5 44. Kb5 Kd6 45. Bh1 Ke7 46. Kxa5 Nd6
47. Bd5 f5 48. h6 Kf6 49. Kb6 f4 50. Kc7 Nf5 51. a5 Nd4 52. Kb6 f3 53. a6 f2
54. Bg2 Nc6 55. Kxc6 1-0

[Event "European Youth Chess Championship B16"]
[Site "Prague, Top Hotel Prague"]
[Date "2016.08.27"]
[Round "9.25"]
[White "Hurdzan, Tomas"]
[Black "Abdulla, Murad"]
[Result "1/2-1/2"]
[WhiteElo "2245"]
[BlackElo "2103"]
[PlyCount "115"]
[EventDate "2016.08.18"]

1. e4 c5 2. Nf3 d6 3. d4 cxd4 4. Nxd4 Nf6 5. Nc3 g6 6. Be2 Bg7 7. O-O O-O 8.
Nb3 Nc6 9. Kh1 Be6 10. Bg5 Qc8 11. f4 Rb8 12. Bf3 Bg4 13. Nd5 Bxf3 14. Qxf3 Qe6
15. Rfe1 Ne8 16. c3 Qd7 17. Rad1 e6 18. Ne3 b5 19. Rd2 a5 20. Nc1 Qc7 21. Red1
Kh8 22. f5 Ne5 23. Qf2 Bf6 24. Bh6 Bg7 25. Qf4 Bxh6 26. Qxh6 Nf6 27. Rxd6 Nxe4
28. Qf4 Nxd6 29. Qxe5+ f6 30. Qxd6 Qxd6 31. Rxd6 exf5 32. Kg1 Rbd8 33. Rxd8
Rxd8 34. Nb3 f4 35. Nf1 Rd1 36. Nxa5 Ra1 37. a3 Ra2 38. c4 Rxb2 39. cxb5 Rxb5
40. Nc4 Kg7 41. Nfd2 Rb8 42. Kf2 Kf7 43. Kf3 g5 44. Ke4 Ke6 45. a4 Rd8 46. a5
f5+ 47. Kf3 Kd5 48. h4 h6 49. hxg5 hxg5 50. Nb6+ Kc5 51. Nbc4 Kb4 52. a6 Kb5
53. a7 Ka6 54. Ne5 Rg8 55. Ndc4 Kxa7 56. Nd6 Kb6 57. Nxf5 Kc5 58. Kg4 1/2-1/2

[Event "European Youth Chess Championship B16"]
[Site "Prague, Top Hotel Prague"]
[Date "2016.08.27"]
[Round "9.26"]
[White "Trubchaninov, Timur"]
[Black "Birkisson, Bardur Orn"]
[Result "1/2-1/2"]
[WhiteElo "2228"]
[BlackElo "2028"]
[PlyCount "73"]
[EventDate "2016.08.18"]

1. c4 Nf6 2. g3 c6 3. Bg2 d5 4. Nf3 Bg4 5. O-O Nbd7 6. d4 e6 7. Nc3 dxc4 8. e4
Bb4 9. Qe2 b5 10. h3 Bxf3 11. Qxf3 e5 12. Rd1 O-O 13. Qf5 Qc7 14. Bg5 Rfe8 15.
dxe5 Qxe5 16. Bxf6 Nxf6 17. Qxe5 Rxe5 18. f4 Bxc3 19. bxc3 Rxe4 20. a4 a6 21.
axb5 cxb5 22. Bxe4 Nxe4 23. Rxa6 Rc8 24. Ra3 Nxg3 25. Kg2 Nf5 26. Kf3 g6 27.
Rb1 Rd8 28. Rxb5 Rd3+ 29. Kg2 Rg3+ 30. Kf2 Rxh3 31. Rc5 Nd6 32. Kg2 Rd3 33. Ra6
Kg7 34. Rcc6 Nf5 35. Ra3 Nd6 36. Raa6 Nf5 37. Ra3 1/2-1/2

[Event "European Youth Chess Championship B16"]
[Site "Prague, Top Hotel Prague"]
[Date "2016.08.27"]
[Round "9.27"]
[White "German, Nikita"]
[Black "Berntsen-Oybo, August"]
[Result "1-0"]
[WhiteElo "2223"]
[BlackElo "1899"]
[PlyCount "83"]
[EventDate "2016.08.18"]

1. e4 c5 2. Nf3 d6 3. d4 cxd4 4. Nxd4 Nf6 5. Nc3 a6 6. Be2 e5 7. Nb3 Be7 8. O-O
O-O 9. Be3 Be6 10. Bf3 Nbd7 11. a4 b5 12. axb5 axb5 13. Qd2 Rxa1 14. Rxa1 Bxb3
15. cxb3 Nc5 16. Qc2 b4 17. Ne2 Qd7 18. Ng3 Rc8 19. Nf5 Bf8 20. Rc1 d5 21. Bg5
dxe4 22. Bxf6 Qxf5 23. Bh4 g6 24. Bxe4 Qg4 25. Bg3 Bh6 26. Bf3 Qe6 27. Re1 f6
28. Qc4 Qxc4 29. bxc4 Nd3 30. Bd5+ Kf8 31. Rb1 b3 32. f3 Be3+ 33. Kf1 Bd4 34.
Ke2 Nxb2 35. Bf2 Bc3 36. Be1 Bd4 37. Bf2 Bxf2 38. Rxb2 Bg1 39. Rxb3 Bxh2 40.
Rb7 e4 41. Rxh7 exf3+ 42. Kxf3 1-0

[Event "European Youth Chess Championship B16"]
[Site "Prague, Top Hotel Prague"]
[Date "2016.08.27"]
[Round "9.28"]
[White "Schmidek, Emil"]
[Black "Danek, Daniel"]
[Result "1-0"]
[WhiteElo "2223"]
[BlackElo "1970"]
[PlyCount "35"]
[EventDate "2016.08.18"]

1. e4 Nc6 2. d4 d5 3. e5 Bf5 4. Nf3 e6 5. Bd3 Nge7 6. c3 f6 7. O-O Qd7 8. a4
O-O-O 9. a5 Bxd3 10. Qxd3 Nf5 11. b4 fxe5 12. a6 e4 13. axb7+ Kb8 14. Qa6 exf3
15. b5 Nfe7 16. Bf4 e5 17. Bxe5 fxg2 18. Re1 1-0

[Event "European Youth Chess Championship B16"]
[Site "Prague, Top Hotel Prague"]
[Date "2016.08.27"]
[Round "9.29"]
[White "Paiva, Henrique"]
[Black "Zeman, Matyas"]
[Result "1-0"]
[WhiteElo "2121"]
[BlackElo "2166"]
[PlyCount "57"]
[EventDate "2016.08.18"]

1. e4 e6 2. d4 d5 3. Nd2 Nc6 4. Ngf3 Nf6 5. e5 Nd7 6. Bd3 f6 7. Ng5 Ndxe5 8.
dxe5 Nxe5 9. Ngf3 Nxd3+ 10. cxd3 e5 11. O-O Bd6 12. Re1 O-O 13. Qb3 c6 14. Ne4
Kh8 15. Ng3 Qc7 16. Bd2 a5 17. a4 Bg4 18. Nh4 Qd7 19. h3 Be6 20. Qd1 g5 21. Nf3
Qf7 22. Nh2 Qg6 23. d4 e4 24. Qb3 Rf7 25. Nxe4 Bxh2+ 26. Kxh2 Bxh3 27. Nd6 Rd7
28. Qxh3 Rxd6 29. Bxa5 1-0

[Event "European Youth Chess Championship B16"]
[Site "Prague, Top Hotel Prague"]
[Date "2016.08.27"]
[Round "9.30"]
[White "D`Avino, Gianfranco"]
[Black "Miesbauer, Jan"]
[Result "1/2-1/2"]
[WhiteElo "2119"]
[BlackElo "2272"]
[PlyCount "56"]
[EventDate "2016.08.18"]

1. d4 Nf6 2. c4 g6 3. g3 Bg7 4. Bg2 O-O 5. Nc3 d6 6. Nf3 Nbd7 7. O-O e5 8. h3
a6 9. b3 Rb8 10. dxe5 dxe5 11. Bb2 Re8 12. Nd5 Nxd5 13. Qxd5 Qe7 14. e4 b6 15.
Rad1 Nc5 16. Ba3 Bb7 17. Bxc5 Qxc5 18. Qxc5 bxc5 19. Rd7 Rbc8 20. Rfd1 f6 21.
Nd2 Red8 22. Nb1 Rxd7 23. Rxd7 Bc6 24. Rd1 Kf7 25. Nc3 h5 26. h4 Ke8 27. Bh3
Rd8 28. Nd5 Bxd5 1/2-1/2

[Event "European Youth Chess Championship B16"]
[Site "Prague, Top Hotel Prague"]
[Date "2016.08.27"]
[Round "9.31"]
[White "Merkesvik, Sondre"]
[Black "Storme, Isak"]
[Result "1-0"]
[WhiteElo "2228"]
[BlackElo "2108"]
[PlyCount "117"]
[EventDate "2016.08.18"]

1. e4 c5 2. Nf3 d6 3. d4 cxd4 4. Qxd4 Nc6 5. Bb5 Bd7 6. Bxc6 Bxc6 7. Nc3 Nf6 8.
Bg5 e6 9. O-O-O Be7 10. Qd3 O-O 11. Nd4 g6 12. f4 Qc7 13. h4 Rac8 14. Nxc6 Qxc6
15. e5 dxe5 16. fxe5 Rfd8 17. Qe2 Nd5 18. Ne4 Ne3 19. Bxe7 Rxd1+ 20. Rxd1 Nxd1
21. Kxd1 Qd5+ 22. Nd2 Qxa2 23. Kc1 Qd5 24. Qe4 Qb5 25. h5 h6 26. g4 Qc6 27.
Qxc6 Rxc6 28. c3 Rc8 29. Kc2 Re8 30. Bh4 g5 31. Bf2 Rd8 32. Ne4 Kg7 33. Bc5 b5
34. Bd6 Rc8 35. Kd3 a5 36. b4 axb4 37. Bxb4 Rc4 38. Bc5 Ra4 39. Bd4 Ra2 40. Ke3
Rb2 41. Nd2 Ra2 42. Kd3 Ra3 43. Ne4 Ra1 44. Kc2 Ra4 45. Kb3 Ra1 46. Kb4 Rb1+
47. Kc5 Re1 48. Nd6 Re2 49. Ne8+ Kf8 50. Nf6 Ke7 51. Kxb5 Rg2 52. Kc6 Kd8 53.
Kd6 Rd2 54. Kc6 Rd3 55. Kb7 Rd2 56. Bb6+ Ke7 57. Bc5+ Kd8 58. c4 Ra2 59. Bb6+
1-0

[Event "European Youth Chess Championship B16"]
[Site "Prague, Top Hotel Prague"]
[Date "2016.08.27"]
[Round "9.32"]
[White "Ranaldi, Lucas"]
[Black "Havelka, Ondrej"]
[Result "1-0"]
[WhiteElo "2215"]
[BlackElo "2025"]
[PlyCount "77"]
[EventDate "2016.08.18"]

1. d4 Nf6 2. c4 e6 3. Nc3 Bb4 4. Qc2 O-O 5. Nf3 c5 6. dxc5 Na6 7. g3 Nxc5 8.
Bg2 b6 9. O-O Bb7 10. Nb5 Nce4 11. a3 a6 12. Nbd4 Be7 13. Ng5 Nc5 14. Bxb7 Nxb7
15. b3 Rc8 16. Qd2 Nc5 17. Rb1 Nfe4 18. Nxe4 Nxe4 19. Qe3 f5 20. Rd1 Qc7 21.
Kg2 Rf6 22. f3 Nc5 23. Nc2 f4 24. gxf4 Bd6 25. Qd4 e5 26. Qd5+ Kh8 27. f5 e4
28. Bg5 Bxh2 29. f4 Bxf4 30. Bxf6 gxf6 31. Qf7 Rg8+ 32. Kh1 Bg5 33. Rg1 Qf4 34.
Rg2 e3 35. Nb4 Ne4 36. Nd3 Nf2+ 37. Rxf2 Qe4+ 38. Rg2 Bh4 39. Qxg8# 1-0

[Event "European Youth Chess Championship B16"]
[Site "Prague, Top Hotel Prague"]
[Date "2016.08.27"]
[Round "9.33"]
[White "Dill, Xaver"]
[Black "Lojek, Marek"]
[Result "1/2-1/2"]
[WhiteElo "2110"]
[BlackElo "2141"]
[PlyCount "37"]
[EventDate "2016.08.18"]

1. Nf3 Nf6 2. c4 e6 3. g3 b6 4. Bg2 Bb7 5. O-O c5 6. Nc3 Be7 7. Re1 d6 8. e4
O-O 9. d4 cxd4 10. Nxd4 Qc8 11. b3 Nc6 12. Be3 a6 13. Rc1 Nd7 14. Nd5 Bd8 15.
Nc3 Bf6 16. Nde2 Qb8 17. h3 Nc5 18. a3 a5 19. f4 1/2-1/2

[Event "European Youth Chess Championship B16"]
[Site "Prague, Top Hotel Prague"]
[Date "2016.08.27"]
[Round "9.34"]
[White "Haring, Viktor"]
[Black "Yilmaz, Goktan"]
[Result "1-0"]
[WhiteElo "2105"]
[BlackElo "2134"]
[PlyCount "79"]
[EventDate "2016.08.18"]

1. e4 c5 2. Nf3 d6 3. d4 cxd4 4. Nxd4 Nf6 5. Nc3 a6 6. Be3 e6 7. Be2 Qc7 8. a3
b5 9. g4 Bb7 10. f3 Nfd7 11. Qd2 Nb6 12. O-O-O N8d7 13. Ndxb5 axb5 14. Nxb5 Qc6
15. Nxd6+ Bxd6 16. Qxd6 Rc8 17. Qxc6 Bxc6 18. Rd6 Ke7 19. Rhd1 Ba4 20. b3 Bxb3
21. Bxb6 Rxc2+ 22. Kb1 Ne5 23. R1d2 Rb8 24. Bd8+ Ke8 25. Rxc2 Bxc2+ 26. Kxc2
Rxd8 27. Rxd8+ Kxd8 28. f4 Ng6 29. f5 exf5 30. exf5 Ne5 31. Kc3 Kd7 32. a4 g6
33. a5 Kc6 34. Kd4 Nd7 35. h4 Kd6 36. a6 Nb8 37. Bb5 Nxa6 38. Bxa6 h5 39. fxg6
fxg6 40. g5 1-0

[Event "European Youth Chess Championship B16"]
[Site "Prague, Top Hotel Prague"]
[Date "2016.08.27"]
[Round "9.35"]
[White "Gallagher, Daniel GH"]
[Black "Birkisson, Bjorn Holm"]
[Result "1/2-1/2"]
[WhiteElo "2128"]
[BlackElo "1908"]
[PlyCount "39"]
[EventDate "2016.08.18"]

1. e4 e5 2. Bc4 Nf6 3. d4 exd4 4. Nf3 Nc6 5. e5 d5 6. Bb5 Ne4 7. Nxd4 Bc5 8.
Be3 Bd7 9. Bxc6 bxc6 10. Nd2 Nxd2 11. Qxd2 Qe7 12. Nb3 Bb6 13. Qc3 O-O 14. O-O
f6 15. exf6 Qxf6 16. Qxf6 Rxf6 17. Bc5 Re8 18. Rfe1 Rfe6 19. Kf1 Bc8 20. Rxe6
1/2-1/2

[Event "European Youth Chess Championship B16"]
[Site "Prague, Top Hotel Prague"]
[Date "2016.08.27"]
[Round "9.36"]
[White "Adar, Idan"]
[Black "Szustakowski, Antoni"]
[Result "0-1"]
[WhiteElo "1990"]
[BlackElo "2125"]
[PlyCount "178"]
[EventDate "2016.08.18"]

1. d4 e6 2. c4 Nf6 3. Nc3 Bb4 4. Qc2 c5 5. dxc5 O-O 6. a3 Bxc5 7. Nf3 Be7 8.
Bf4 a6 9. e3 d6 10. Be2 Qc7 11. O-O Nbd7 12. Rfd1 b6 13. b4 Bb7 14. Rac1 Rac8
15. h3 Rfd8 16. Qb3 Qb8 17. Bh2 Ne8 18. Nd4 Qa8 19. Bf1 Nc7 20. Qb1 Nf6 21. Nb3
Ne4 22. Na4 Qa7 23. c5 bxc5 24. bxc5 Nb5 25. cxd6 Nexd6 26. Nac5 Nxa3 27. Qa1
Ndb5 28. Rxd8+ Rxd8 29. Be5 f6 30. Bb2 Bd5 31. Bxa3 Bxb3 32. Bb4 Bxc5 33. Bxc5
Qb7 34. Rb1 Bd5 35. Qa5 Rb8 36. Bxb5 axb5 37. Qxb5 Bxg2 38. Qxb7 Bxb7 39. Rc1
Bd5 40. Kh2 Kf7 41. Kg3 Kg6 42. Ba3 Ra8 43. Bc5 Ra4 44. f3 e5 45. Bf8 Ra8 46.
Bd6 Ra6 47. Bc5 h5 48. h4 Ra4 49. Bd6 e4 50. f4 Ra6 51. Bc5 Be6 52. Bd4 Bg4 53.
Ra1 Rc6 54. Rb1 Rc2 55. Ra1 Bf3 56. Rb1 Rg2+ 57. Kh3 Rg4 58. Ra1 Kf7 59. Rc1
Ke6 60. Rc6+ Kd7 61. Rc1 Kd6 62. Ba7 Rg6 63. Bb8+ Kd5 64. Ba7 Rg2 65. Bd4 Ke6
66. Rc6+ Kd7 67. Rc1 Rd2 68. Kg3 Kd6 69. Bc5+ Kd5 70. Ba7 Bd1 71. Rc8 Ke6 72.
Bd4 Re2 73. Rc3 Re1 74. Kf2 Rh1 75. Kg3 Bg4 76. Rc7 Rh3+ 77. Kf2 Rxh4 78. Rxg7
f5 79. Rc7 Rh2+ 80. Kg3 Rh3+ 81. Kf2 h4 82. Kg2 Rg3+ 83. Kh2 Rf3 84. Rc2 Rf1
85. Kg2 Rd1 86. Rc8 h3+ 87. Kf2 Rd2+ 88. Kg3 Rg2+ 89. Kh4 h2 0-1

[Event "European Youth Chess Championship B16"]
[Site "Prague, Top Hotel Prague"]
[Date "2016.08.27"]
[Round "9.37"]
[White "Abishli, Oghuz"]
[Black "Brejnik, Gustav"]
[Result "0-1"]
[WhiteElo "2120"]
[BlackElo "1868"]
[PlyCount "84"]
[EventDate "2016.08.18"]

1. d4 Nf6 2. Nf3 e6 3. c4 Bb4+ 4. Bd2 c5 5. e3 O-O 6. Bd3 b6 7. Bxb4 cxb4 8.
Nbd2 Bb7 9. O-O Qe7 10. e4 d6 11. e5 Nfd7 12. Qe2 dxe5 13. dxe5 Nc5 14. Bc2 Rd8
15. Rfd1 Nbd7 16. Qe3 h6 17. g3 Rac8 18. Nd4 a6 19. b3 b5 20. cxb5 Nb6 21. Nc4
Nd5 22. Qe1 Nc3 23. Rd2 N5e4 24. Bxe4 Nxe4 25. Rdd1 axb5 26. Nxb5 Ng5 27. Qe3
Nf3+ 28. Kf1 Nxh2+ 29. Ke1 Nf3+ 30. Ke2 Ng5 31. Kf1 Nf3 32. Nbd6 Nh2+ 33. Ke1
Rb8 34. Nxb7 Qxb7 35. Nd6 Qa6 36. f3 Qf1+ 37. Kd2 Rxd6+ 38. exd6 Nxf3+ 39. Kc2
Rc8+ 40. Kb2 Qg2+ 41. Rd2 Nxd2 42. Rg1 Nc4+ 0-1

[Event "European Youth Chess Championship B16"]
[Site "Prague, Top Hotel Prague"]
[Date "2016.08.27"]
[Round "9.38"]
[White "Czupor, Attila"]
[Black "Mandic, Stefan"]
[Result "1-0"]
[WhiteElo "2303"]
[BlackElo "1868"]
[PlyCount "69"]
[EventDate "2016.08.18"]

1. e4 e5 2. Nf3 Nc6 3. Bb5 a6 4. Ba4 Nf6 5. O-O Be7 6. Re1 b5 7. Bb3 O-O 8. d4
d6 9. c3 Bg4 10. Be3 Na5 11. Bc2 Nc4 12. Bc1 c5 13. b3 Nb6 14. Nbd2 cxd4 15.
cxd4 Qc7 16. Bb2 Rfc8 17. Rc1 Nbd7 18. h3 Bxf3 19. Nxf3 Qb8 20. Qd2 Ra7 21. Bb1
Rxc1 22. Rxc1 Rc7 23. Rc3 Qb7 24. Re3 exd4 25. Nxd4 Nc5 26. Nf5 Ncxe4 27. Qe1
d5 28. Nxe7+ Rxe7 29. f3 Qa7 30. fxe4 d4 31. Rd3 Rxe4 32. Qb4 a5 33. Bxd4 Qa8
34. Qd2 Nd5 35. Rg3 1-0

[Event "European Youth Chess Championship B16"]
[Site "Prague, Top Hotel Prague"]
[Date "2016.08.27"]
[Round "9.39"]
[White "Hallman, Valo"]
[Black "Vystrcil, Martin"]
[Result "1/2-1/2"]
[WhiteElo "2187"]
[BlackElo "2029"]
[PlyCount "106"]
[EventDate "2016.08.18"]

1. e4 Nf6 2. e5 Nd5 3. d4 d6 4. c4 Nb6 5. exd6 cxd6 6. Nc3 g6 7. Be3 Bg7 8. Rc1
O-O 9. b3 e5 10. dxe5 dxe5 11. c5 N6d7 12. Qd2 Nc6 13. Nf3 Nf6 14. Qxd8 Rxd8
15. h3 h6 16. Bc4 a6 17. O-O Re8 18. Na4 Be6 19. Nb6 Bxc4 20. Nxc4 Rad8 21.
Rcd1 Ne4 22. Rxd8 Rxd8 23. Re1 f5 24. Nh4 Kh7 25. Nf3 f4 26. Bc1 Nxc5 27. Ba3
Nd3 28. Rd1 b5 29. Nb2 Nxb2 30. Rxd8 Nxd8 31. Bxb2 Nc6 32. g4 Nb4 33. Bxe5 Bxe5
34. Nxe5 Nxa2 35. Nd3 g5 36. Kf1 Nc3 37. b4 Kg6 38. Nc5 Nd5 39. Nxa6 f3 40. Ke1
Kf6 41. Kd2 Ke5 42. Kd3 Nf4+ 43. Ke3 Kd5 44. Kxf3 Nxh3 45. Ke3 Kc4 46. f3 Nf4
47. Ke4 Nd3 48. f4 gxf4 49. Nc7 Nxb4 50. Nxb5 Kxb5 51. Kxf4 Nd5+ 52. Kf5 Ne3+
53. Kg6 Nxg4 1/2-1/2

[Event "European Youth Chess Championship B16"]
[Site "Prague, Top Hotel Prague"]
[Date "2016.08.27"]
[Round "9.40"]
[White "Pauwels, Xander"]
[Black "Kadianis, Georgios"]
[Result "1/2-1/2"]
[WhiteElo "1996"]
[BlackElo "2169"]
[PlyCount "53"]
[EventDate "2016.08.18"]

1. d4 d5 2. Nf3 Nf6 3. c4 dxc4 4. e3 e6 5. Bxc4 a6 6. O-O c5 7. a4 Nc6 8. Qe2
cxd4 9. Rd1 Be7 10. exd4 O-O 11. Nc3 h6 12. Bf4 Nb4 13. Ne5 b6 14. Qf3 Nfd5 15.
Nxd5 exd5 16. Bb3 Be6 17. Rac1 Rc8 18. Rxc8 Qxc8 19. Qg3 Kh7 20. Rc1 Qb7 21.
Nd3 Rc8 22. Nxb4 Rxc1+ 23. Bxc1 Bxb4 24. Bc2+ g6 25. Qb3 a5 26. Bd3 Be7 27. Be3
1/2-1/2

[Event "European Youth Chess Championship B16"]
[Site "Prague, Top Hotel Prague"]
[Date "2016.08.27"]
[Round "9.41"]
[White "Nguyen, Kevin"]
[Black "Sramek, Vojtech"]
[Result "1-0"]
[WhiteElo "2169"]
[BlackElo "2005"]
[PlyCount "119"]
[EventDate "2016.08.18"]

1. e4 c5 2. Nc3 Nc6 3. Bb5 Nd4 4. Nf3 Nxb5 5. Nxb5 d6 6. d4 cxd4 7. Qxd4 e5 8.
Qd3 a6 9. Nc3 h6 10. O-O Nf6 11. Nd2 Be6 12. Nc4 Rc8 13. Ne3 Be7 14. b3 O-O 15.
Bb2 Qc7 16. Rfd1 Rfd8 17. Rac1 Qc6 18. a4 Rd7 19. h3 Rcd8 20. Ncd5 Bxd5 21.
exd5 Qc5 22. c4 Rb8 23. Bc3 a5 24. Rb1 Rdd8 25. Rb2 Qc7 26. Rdb1 Nd7 27. Qf5
Nc5 28. Rf1 b6 29. f4 exf4 30. Qg4 Bg5 31. h4 fxe3 32. hxg5 Qd7 33. Qd4 f5 34.
gxf6 Rf8 35. Qxe3 Rbe8 36. Qd4 Re4 37. Qd1 gxf6 38. Bxf6 Qf7 39. Rbf2 Qg6 40.
Qf3 Rg4 41. Qe3 Ne4 42. Qxb6 Nxf2 43. Rxf2 Rxf6 44. Qd8+ Kh7 45. Qe7+ Qg7 46.
Qxf6 Rxg2+ 47. Kf1 Rxf2+ 48. Qxf2 Qa1+ 49. Kg2 Qg7+ 50. Qg3 Qf6 51. Qd3+ Kg7
52. Qf3 Qb2+ 53. Kh3 Qe5 54. Qg3+ Qg5 55. Qg4 Kf6 56. Qe6+ Kg7 57. Qd7+ Kg8 58.
Qg4 Kg7 59. Kg3 Kh7 60. Qxg5 1-0

[Event "European Youth Chess Championship B16"]
[Site "Prague, Top Hotel Prague"]
[Date "2016.08.27"]
[Round "9.42"]
[White "Slovak, Kilian"]
[Black "Demosthenous, Andreas"]
[Result "0-1"]
[WhiteElo "2142"]
[BlackElo "1925"]
[PlyCount "64"]
[EventDate "2016.08.18"]

1. e4 c5 2. Nf3 g6 3. d4 cxd4 4. Qxd4 Nf6 5. Nc3 Nc6 6. Qa4 d6 7. e5 Ng4 8.
exd6 Qxd6 9. Bf4 e5 10. Rd1 Qe6 11. Bc4 Qf5 12. Nb5 Bc5 13. Nc7+ Kf8 14. Bg3
Rb8 15. h3 Nxf2 16. Bxf2 Bxf2+ 17. Kxf2 e4 18. Qa3+ Kg7 19. Qc3+ f6 20. Rhe1
Ne5 21. Rxe4 Qxe4 22. Bd5 Qf5 23. Qc5 Nxf3 24. Qe7+ Kh6 25. Bxf3 Qe5 26. Qf7
Qc5+ 27. Kg3 Rf8 28. Rd5 Qb4 29. Rh5+ gxh5 30. Qxh5+ Kg7 31. Ne8+ Rxe8 32. Qxe8
Qd6+ 0-1

[Event "European Youth Chess Championship B16"]
[Site "Prague, Top Hotel Prague"]
[Date "2016.08.27"]
[Round "9.43"]
[White "Cirovic, Miroljub"]
[Black "Papp, Levente"]
[Result "1-0"]
[WhiteElo "1943"]
[BlackElo "2120"]
[PlyCount "97"]
[EventDate "2016.08.18"]

1. d4 d5 2. c4 c6 3. Nf3 Nf6 4. Nc3 e6 5. Bg5 Nbd7 6. e3 Be7 7. Qc2 O-O 8. Rd1
Qa5 9. Nd2 a6 10. c5 e5 11. Be2 Re8 12. O-O Qc7 13. Bh4 b6 14. cxb6 Nxb6 15.
dxe5 Qxe5 16. Bg3 Qf5 17. Bd3 Qh5 18. Ne2 c5 19. Nf4 Qh6 20. b3 Bd6 21. Nf3 Bg4
22. Bf5 Bxf3 23. gxf3 g6 24. Bd3 d4 25. Qd2 dxe3 26. fxe3 Rad8 27. Qc1 g5 28.
Ne2 Nbd5 29. e4 Bxg3 30. hxg3 Nc7 31. Qxc5 Ne6 32. Qe3 Qg7 33. Bc4 h5 34. Bxe6
fxe6 35. Kh2 e5 36. Nc3 Rd4 37. Nd5 Nxd5 38. exd5 Rd8 39. Rxd4 exd4 40. Qe6+
Kh8 41. Rd1 d3 42. Rxd3 g4 43. Qe3 Kg8 44. Qd4 Qxd4 45. Rxd4 gxf3 46. Kg1 Rf8
47. Kf2 Kg7 48. d6 Kf6 49. Rf4+ 1-0

[Event "European Youth Chess Championship B16"]
[Site "Prague, Top Hotel Prague"]
[Date "2016.08.27"]
[Round "9.44"]
[White "Lamblin, Jean"]
[Black "Todorov, Kaloyan"]
[Result "1/2-1/2"]
[WhiteElo "2090"]
[BlackElo "1918"]
[PlyCount "63"]
[EventDate "2016.08.18"]

1. d4 d5 2. Nf3 Nf6 3. c4 dxc4 4. e3 Bg4 5. Bxc4 e6 6. O-O Nc6 7. Nc3 a6 8. h3
Bh5 9. Be2 Bd6 10. Kh1 O-O 11. e4 Nd7 12. e5 Be7 13. Be3 Nb6 14. a3 Qd7 15. b4
Rad8 16. Ra2 f5 17. Qc1 Nd5 18. Nxd5 exd5 19. Rd1 Na7 20. Ng1 Bf7 21. Bf3 Be6
22. Ne2 Nc8 23. Nf4 c6 24. Rg1 Nb6 25. g4 Kh8 26. g5 g6 27. h4 Kg7 28. Qc3 Kh8
29. a4 Nc4 30. Bc1 Bf7 31. Kg2 Qc7 32. Be2 1/2-1/2